000 00827nam a22002537a 4500
003 DO-SdBPM
005 20250320094730.0
008 161205b 2005 sp a 00| 0 spa d
020 _a9788496412712
040 _aBPMSU
_bspa
_cBPMSU
082 4 _a892.73
_bS588m 2005
_222
100 1 _aSzpumberg, Alberto
_d1940-2020
245 1 0 _aSimbad el marino /
_cAnónimo ; adaptación Alberto Szpunberg ; ilustración Sergio Kern
260 _aBarcelona :
_b El País,
_c2005.
300 _a45 p. :
_bilustrado,
_c20 cm.
490 0 _aCuentos infantiles,
_v17
590 _aInventariado, 2025/VM
650 4 _aCuentos infantiles árabes
650 4 _aLiteratura infantil árabe
650 4 _aLibros ilustrados para niños
700 1 _aKern, Sergio,
_eilustración
910 _aVMateo V. Control de calidad. BPMSU
942 _2ddc
_cBK
999 _c12271
_d12271